Living Rock (Record no. 48468)
[ view plain ]
| 000 -LEADER | |
|---|---|
| fixed length control field | 00345nam a2200145Ia 4500 |
| 008 - FIXED-LENGTH DATA ELEMENTS--GENERAL INFORMATION | |
| fixed length control field | 220805s9999 xx 000 0 und d |
| 020 ## - INTERNATIONAL STANDARD BOOK NUMBER | |
| International Standard Book Number | 978-81-921106-7-7 |
| 041 ## - LANGUAGE CODE | |
| Language code of text/sound track or separate title | eng |
| 082 ## - DEWEY DECIMAL CLASSIFICATION NUMBER | |
| Classification number | 930.09 |
| 100 ## - MAIN ENTRY--PERSONAL NAME | |
| Personal name | Ed. Brancaccio, Pia |
| 9 (RLIN) | 88042 |
| 260 ## - PUBLICATION, DISTRIBUTION, ETC. (IMPRINT) | |
| Place of publication, distribution, etc. | Mumbai |
| Name of publisher, distributor, etc. | The marg Foundation |
| Date of publication, distribution, etc. | 2013 |
| 245 ## - TITLE STATEMENT | |
| Title | Living Rock |
| 300 ## - PHYSICAL DESCRIPTION | |
| Extent | 140 |
| 440 ## - SERIES STATEMENT/ADDED ENTRY--TITLE | |
| Volume/sequential designation | 64 |
| Withdrawn status | Lost status | Damaged status | Not for loan | Collection code | Home library | Current library | Date acquired | Vendor | Cost, normal purchase price | Full call number | Barcode | Date last seen | Bill Date | Koha item type | Original Barcode |
|---|---|---|---|---|---|---|---|---|---|---|---|---|---|---|---|
| Manilal Nanavati Vocational Training Institute Pune | Manilal Nanavati Vocational Training Institute Pune | 09/08/2022 | Donated | 2800.00 | 930.09/BRA/DB1046 | MNVT-DB-1046 | 09/08/2022 | 09/08/2022 | Donated Book | DB1046 |